[Event "Ch Yugoslavia (qual)"]
[Site "masterchessopen.com Kladovo (Yugoslavia)"]
[Round "0"]
[White "Bogdanovski Vlatko (MKD)"]
[Black "Pavlovic Milos (SRB)"]
[Result "0-1"]
[WhiteElo "2418"]
[BlackElo "2531"]

1.d4 Nf6 2.c4 e6 3.Nf3 b6 4.g3 Bb7 5.Bg2 Bb4+ 6.Bd2 Be7 7.Nc3 O-O 8.O-O Na6
9.Ne5 Bxg2 10.Kxg2 Qb8 11.e3 c5 12.Qf3 Re8 13.Rfc1 Bf8 14.a3 Qc8 15.b4 d6
16.Nd3 Qd7 17.bxc5 e5 18.e4 exd4 {#R} 0-1

[Event "It (open)"]
[Site "masterchessopen.com Toulouse (France)"]
[Round "8"]
[White "Banchev Borislav (BUL)"]
[Black "Salaun Yann (FRA)"]
[Result "1-0"]
[WhiteElo "2267"]
[BlackElo "2322"]

1.d4 e6 2.c4 Nf6 3.Nf3 b6 4.g3 Bb7 5.Bg2 Bb4+ 6.Bd2 Be7 7.O-O O-O 8.Nc3 d5
9.Ne5 Nbd7 10.Qa4 Nxe5 11.dxe5 Nd7 12.cxd5 Nc5 13.Qc4 b5 14.Qxb5 exd5 15.Be3
c6 16.Qb4 a5 17.Qd4 Nd7 18.Rac1 Re8 19.f4 Bc5 20.Qd2 d4 21.Bxd4 Nxe5 22.e3 Nc4
23.Qf2 Bxd4 24.exd4 Ne3 25.Rfe1 Qxd4 26.Rcd1 Qa7 27.Rd3 Nxg2 28.Rxe8+ {#r} 1-0

[Event "It (sheveningen)"]
[Site "masterchessopen.com Rio de Janeiro (Brazil)"]
[Round "11"]
[White "Sorokin Maxim (RUS)"]
[Black "Mascarenhas Alberto (BRA)"]
[Result "1-0"]
[WhiteElo "2510"]
[BlackElo "2260"]

1.d4 Nf6 2.Nf3 e6 3.g3 b6 4.Bg2 Bb7 5.c4 Bb4+ 6.Nbd2 Ne4 7.O-O Nxd2 8.Bxd2
Bxd2 9.Qxd2 Be4 10.Qf4 f5 11.d5 O-O 12.Rad1 exd5 13.cxd5 a5 14.d6 c6 15.Ne5
Bxg2 16.Kxg2 Na6 17.Qc4+ {#r} 1-0

[Event "It (open) \"]
[Site "masterchessopen.com Buenos Aires (Argentina)"]
[Round "1"]
[White "Mellano Santiago (ARG)"]
[Black "Bianchi Albino (ARG)"]
[Result "1-0"]
[WhiteElo "2300"]
[BlackElo "2105"]

1.Nf3 Nf6 2.d4 e6 3.g3 b6 4.Bg2 Bb7 5.c4 Bb4+ 6.Nbd2 O-O 7.O-O d5 8.cxd5 Bxd5
9.a3 Bd6 10.Qc2 c5 11.e4 Nxe4 12.Nxe4 Nc6 13.Nxd6 Qxd6 14.dxc5 bxc5 15.Be3 c4
16.Rad1 Rad8 17.Bf4 Qe7 18.Rfe1 h6 19.Ne5 Nxe5 20.Bxe5 Bxg2 21.Kxg2 f6 22.Bc3
Rfe8 23.Qe4 Rxd1 24.Rxd1 Rc8 25.Rd4 e5 26.Rxc4 Rxc4 27.Qxc4+ Kh7 28.Qe4+ Kg8
29.f4 {#r} 1-0

[Event "It (b)"]
[Site "masterchessopen.com Ptuj (Slovenia)"]
[Round "1"]
[White "Tasic Branislav (FRA)"]
[Black "Zsinka Laszlo (HUN)"]
[Result "0-1"]
[WhiteElo "2074"]
[BlackElo "2286"]

1.d4 Nf6 2.c4 e6 3.Nf3 b6 4.g3 Bb7 5.Bg2 Bb4+ 6.Bd2 Be7 7.Nc3 O-O 8.O-O d5
9.cxd5 exd5 10.Ne5 Na6 11.Bf4 Qc8 12.Qb3 Qe6 13.Nd3 Rfd8 14.Rad1 h6 15.Rfe1
Qf5 16.h3 h5 17.Ne5 g5 18.Bc1 c5 19.Nxd5 Bxd5 20.Bxd5 Rxd5 {#R} 0-1

[Event "It (open) \"]
[Site "masterchessopen.com Berlin (Germany)"]
[Round "0"]
[White "Haemmerlein Thomas (GER)"]
[Black "Vasilchenko Oleg (RUS)"]
[Result "0-1"]
[WhiteElo "2170"]
[BlackElo "2415"]

1.d4 Nf6 2.c4 e6 3.Nf3 b6 4.g3 Bb7 5.Bg2 Bb4+ 6.Nbd2 O-O 7.O-O Be7 8.Qc2 d5
9.Ne5 Na6 10.a3 c5 11.dxc5 Nxc5 12.b4 Ncd7 13.Bb2 Rc8 14.Rac1 Qc7 15.Nxd7 Qxd7
16.Qd3 Rfd8 17.cxd5 Rxc1 18.Rxc1 Nxd5 19.Ne4 Qa4 20.Qd4 Nf6 21.Qc4 Rd1+ {#R}
0-1

[Event "Ch Nassau Chess Club"]
[Site "masterchessopen.com Long Island (USA)"]
[Round "0"]
[White "Dolgitser Konstantin (USA)"]
[Black "Felber Joseph J (USA)"]
[Result "1-0"]
[WhiteElo "2261"]
[BlackElo "2097"]

1.d4 Nf6 2.c4 e6 3.Nf3 b6 4.g3 Bb7 5.Bg2 Bb4+ 6.Bd2 a5 7.O-O O-O 8.Nc3 d6 9.a3
Bxc3 10.Bxc3 Nbd7 11.b4 Ne4 12.Bb2 axb4 13.axb4 Qe7 14.d5 Rxa1 15.Bxa1 Ndf6
16.dxe6 fxe6 17.Qc2 d5 18.cxd5 exd5 19.Nd4 Ng4 20.Bxe4 dxe4 21.Qc4+ Kh8 22.Ne6
Rf7 23.Nd8 Rf5 24.Nxb7 Rh5 25.h4 c5 26.bxc5 Qxb7 27.c6 Qc7 28.Qxe4 Qc8 29.Rd1
Rc5 30.Qxg4 {#r} 1-0

[Event "Ch Norway (team)"]
[Site "masterchessopen.com Norway"]
[Round "4"]
[White "Fyllingen Roy Harald (NOR)"]
[Black "Ogaard Leif (NOR)"]
[Result "1-0"]
[WhiteElo "2330"]
[BlackElo "2425"]

1.d4 Nf6 2.c4 e6 3.Nf3 b6 4.g3 Bb7 5.Bg2 Bb4+ 6.Bd2 Be7 7.O-O O-O 8.Nc3 d5
9.Ne5 c6 10.Bf4 Nfd7 11.Qb3 Nxe5 12.Bxe5 Bd6 13.Bxd6 Qxd6 14.Rad1 Ba6 15.cxd5
cxd5 16.Rfe1 Nc6 17.e4 dxe4 18.d5 exd5 19.Nxd5 Na5 20.Qa4 Bd3 21.Nf4 Rac8
22.Rxe4 Bb5 23.Rxd6 Bxa4 24.Rxa4 Rc2 25.Bd5 {#r} 1-0

[Event "It (open) \"]
[Site "masterchessopen.com Toronto (Canada)"]
[Round "2"]
[White "Mihaljevic Josip (CAN)"]
[Black "Vranesic Zvonko (CAN)"]
[Result "1-0"]
[WhiteElo "2270"]
[BlackElo "2320"]

1.d4 Nf6 2.c4 e6 3.Nf3 b6 4.g3 Bb7 5.Bg2 Bb4+ 6.Bd2 Be7 7.O-O O-O 8.Nc3 d5
9.Ne5 Nbd7 10.Nxd7 Qxd7 11.cxd5 exd5 12.Bg5 h6 13.Bxf6 Bxf6 14.e3 Rfd8 15.Qh5
a5 16.Rad1 c6 17.Rfe1 Rab8 18.Bh3 Qc7 19.Rc1 Qd6 20.a3 Bc8 21.Bg2 Qd7 22.h3
Qf5 23.Qe2 Qg6 24.Na4 b5 25.Nc5 Bf5 26.Qd2 b4 27.a4 Rb6 28.Nb3 Ra8 29.Rc5 Be7
{#r} 1-0

[Event "It (open)"]
[Site "masterchessopen.com Helsinki (Finland)"]
[Round "0"]
[White "Kochyev Alexander (RUS)"]
[Black "Keskisarja Teemu (FIN)"]
[Result "1-0"]
[WhiteElo "2450"]
[BlackElo "2250"]

1.Nf3 Nf6 2.c4 e6 3.g3 b6 4.Bg2 Bb7 5.d4 Bb4+ 6.Bd2 Be7 7.Nc3 c6 8.O-O d5
9.Bf4 Nbd7 10.Ne5 O-O 11.Rc1 Rc8 12.e4 dxe4 13.Nxe4 Nxe5 14.Bxe5 Nxe4 15.Bxe4
Bd6 16.c5 Bxe5 17.dxe5 Qc7 18.Qd6 Rfd8 19.Qxc7 Rxc7 20.Rfd1 Rxd1+ 21.Rxd1 Kf8
22.Rd8+ Ke7 23.Rg8 g6 24.Rg7 bxc5 25.Rxh7 Kd8 26.h4 Ba6 27.g4 Bc4 28.h5 gxh5
29.gxh5 Rd7 30.Rh8+ Kc7 31.h6 Rd4 32.Bxc6 {#r} 1-0

[Event "Ch Yugoslavia (open)"]
[Site "masterchessopen.com Nis (Yugoslavia)"]
[Round "6"]
[White "Bogdanovski Vlatko (MKD)"]
[Black "Pavlovic Dragoljub (SRB)"]
[Result "1-0"]
[WhiteElo "2415"]
[BlackElo "2325"]

1.d4 Nf6 2.Nf3 e6 3.g3 b6 4.Bg2 Bb7 5.c4 Bb4+ 6.Bd2 Bxd2+ 7.Qxd2 O-O 8.O-O d6
9.Nc3 Ne4 10.Nxe4 Bxe4 11.Rfd1 Nd7 12.Rac1 Nf6 13.b4 Qe7 14.Qe3 Rfe8 15.a4 a5
16.b5 Rad8 17.h3 h6 18.Rd2 Bb7 19.Rdc2 e5 20.c5 Nd5 21.cxd6 cxd6 22.Qb3 e4
23.Nd2 {#r} 1-0

[Event "Ch World (active) (juniors) (under 12)"]
[Site "masterchessopen.com Paris (France)"]
[Round "5"]
[White "Roiz Michael (ISR)"]
[Black "Cheng Xinkai (CHN)"]
[Result "0-1"]
[WhiteElo "2668"]
[BlackElo "2382"]

1.d4 Nf6 2.c4 e6 3.Nf3 b6 4.g3 Bb7 5.Bg2 Bb4+ 6.Nbd2 c5 7.O-O cxd4 8.Nxd4 Bxg2
9.Kxg2 O-O 10.a3 Be7 11.b4 Nc6 12.Bb2 Re8 13.Rc1 Qc7 14.e4 a5 15.Nxc6 Qxc6
16.b5 Qb7 17.f3 Red8 18.Qe2 Ne8 19.Rfd1 Bg5 20.h4 Bxd2 21.Rxd2 d6 22.a4 Rd7
23.Bd4 {#R} 0-1

[Event "Ch Czech Chess Union (open)"]
[Site "masterchessopen.com Prague (Czech Republic)"]
[Round "8"]
[White "Jirovsky Pavel (CZE)"]
[Black "Pick Stepan (CZE)"]
[Result "1-0"]
[WhiteElo "2315"]
[BlackElo "2169"]

1.d4 e6 2.c4 Nf6 3.Nf3 b6 4.g3 Bb7 5.Bg2 Bb4+ 6.Bd2 Be7 7.O-O O-O 8.Nc3 d5
9.Ne5 Nbd7 10.Bf4 c5 11.dxc5 Nxc5 12.cxd5 exd5 13.Nf3 Ne6 14.Be5 a6 15.e3 Qd7
16.Qe2 b5 17.Rfd1 Rfd8 18.e4 Nc7 19.a3 Rac8 20.Rd2 Qe6 21.Bxc7 Rxc7 22.Nd4 Qc8
23.e5 Ne4 24.Nxe4 dxe4 25.Rdd1 Rcd7 26.Bh3 {#r} 1-0

[Event "Ch Yugoslavia (team)"]
[Site "masterchessopen.com Tivat (Yugoslavia)"]
[Round "6"]
[White "Laketic Gojko (SRB)"]
[Black "Govedarica Radovan (SRB)"]
[Result "1-0"]
[WhiteElo "2420"]
[BlackElo "2430"]

1.d4 Nf6 2.c4 e6 3.Nf3 b6 4.g3 Bb7 5.Bg2 Bb4+ 6.Bd2 Be7 7.Nc3 O-O 8.Qc2 c5
9.d5 exd5 10.Ng5 g6 11.cxd5 Na6 12.O-O d6 13.h4 Re8 14.Rad1 Bf8 15.Nge4 Nxe4
16.Nxe4 Nc7 17.Bg5 Be7 18.Bxe7 Qxe7 19.Qc3 Nb5 20.Qf6 Bc8 21.g4 Bxg4 22.Qxe7
Rxe7 23.Nf6+ Kg7 24.Nxg4 Rxe2 {#r} 1-0

[Event "Ch Yugoslavia (team) (2 liga)"]
[Site "masterchessopen.com Tivat (Yugoslavia)"]
[Round "10"]
[White "Tosic Miroslav (SRB)"]
[Black "Jakovljevic Milan (SRB)"]
[Result "1-0"]
[WhiteElo "2435"]
[BlackElo "2330"]

1.d4 Nf6 2.c4 e6 3.Nf3 b6 4.g3 Bb7 5.Bg2 Bb4+ 6.Bd2 a5 7.O-O O-O 8.Bg5 Be7
9.Bxf6 Bxf6 10.Nc3 d6 11.Qc2 Nd7 12.Ng5 Bxg5 13.Bxb7 Rb8 14.Bg2 Bf6 15.Nb5 c5
16.d5 Ne5 17.Rad1 Be7 18.dxe6 fxe6 19.Qe4 Rf6 20.Bh3 Rg6 21.f4 Nd7 22.Bxe6+
Kh8 23.Nxd6 Bxd6 24.Rxd6 Qe8 25.Qc6 Nf8 26.Qxe8 Rxe8 27.f5 Rf6 28.e4 h5 29.e5
Rh6 30.Bf7 Rxe5 31.Rd8 {#r} 1-0

[Event "Memorial Elekes"]
[Site "masterchessopen.com Budapest (Hungary)"]
[Round "5"]
[White "Horvath Jozsef_ (HUN)"]
[Black "Lorincz Istvan (HUN)"]
[Result "1-0"]
[WhiteElo "2515"]
[BlackElo "2370"]

1.d4 Nf6 2.c4 e6 3.Nf3 b6 4.g3 Bb7 5.Bg2 Bb4+ 6.Bd2 Be7 7.Nc3 c5 8.d5 exd5
9.Nh4 g6 10.cxd5 d6 11.e4 Nfd7 12.Nf3 Ba6 13.e5 O-O 14.Qc2 Qc8 15.exd6 Bxd6
16.Ne4 Re8 17.O-O-O Bf8 18.Rhe1 Bb7 19.Bc3 Na6 20.a3 Nc7 21.Ne5 Rxe5 22.Bxe5
Nxe5 23.Nf6+ Kh8 24.Qc3 Bg7 25.Qxe5 Qd8 26.d6 Ne6 27.Bxb7 Bxf6 28.Qe4 Rb8
29.d7 Bd4 30.Bd5 Qxd7 31.Rxd4 {#r} 1-0

[Event "It (open)"]
[Site "masterchessopen.com Buenos Aires (Argentina)"]
[Round "0"]
[White "Madina Martin (ARG)"]
[Black "Panno Oscar (ARG)"]
[Result "0-1"]
[WhiteElo "2215"]
[BlackElo "2485"]

1.d4 Nf6 2.c4 e6 3.Nf3 b6 4.g3 Bb7 5.Bg2 Bb4+ 6.Bd2 Be7 7.Nc3 O-O 8.O-O Na6
9.Qa4 Qc8 10.Rfe1 c5 11.d5 exd5 12.Nh4 Bc6 13.Qb3 dxc4 14.Qxc4 Bxg2 15.Nf5 Re8
16.Kxg2 Qc6+ 17.e4 Nc7 18.Rad1 b5 19.Qd3 b4 20.Nd5 Ncxd5 21.exd5 Nxd5 22.Qf3
Bf8 23.Bg5 Re6 24.Re4 Rxe4 {#R} 0-1

[Event "Oberliga East 1995/96"]
[Site "masterchessopen.com Germany"]
[Round "0"]
[White "Brock Friedemann Dr (GER)"]
[Black "Just Joachim (GER)"]
[Result "0-1"]
[WhiteElo "2238"]
[BlackElo "2047"]

1.d4 e6 2.c4 Nf6 3.Nf3 b6 4.g3 Bb7 5.Bg2 Bb4+ 6.Bd2 a5 7.O-O O-O 8.Bf4 Be7
9.Nc3 Ne4 10.Rc1 Nxc3 11.Rxc3 Be4 12.d5 Na6 13.d6 cxd6 14.Bxd6 Nc5 15.Ne5 Bxd6
16.Qxd6 Bxg2 {#R} 0-1

[Event "Oberliga East 1995/96"]
[Site "masterchessopen.com Germany"]
[Round "0"]
[White "Schmoelzing Michael (GER)"]
[Black "Albrecht Ulli (GER)"]
[Result "1-0"]
[WhiteElo "2192"]
[BlackElo "2095"]

1.d4 Nf6 2.Nf3 e6 3.c4 b6 4.g3 Bb7 5.Bg2 Bb4+ 6.Bd2 a5 7.O-O O-O 8.Bg5 Be7
9.Nc3 d6 10.Qc2 Nbd7 11.Rad1 Rb8 12.e4 h6 13.Be3 Qc8 14.Rfe1 Re8 15.Bf4 Nf8
16.e5 dxe5 17.Nxe5 Bxg2 18.Kxg2 Qb7+ 19.d5 Bb4 20.Nc6 Bxc3 21.Qxc3 Ra8 22.Qf3
exd5 23.cxd5 N8h7 24.h4 h5 25.Ne7+ Kf8 26.Rc1 {#r} 1-0

[Event "It (open)"]
[Site "masterchessopen.com Hafnarfjordur (Iceland)"]
[Round "6"]
[White "Viglundsson Bjorgvin (ISL)"]
[Black "Edvardsson Kristjan (ISL)"]
[Result "1-0"]
[WhiteElo "2210"]
[BlackElo "2200"]

1.d4 Nf6 2.c4 e6 3.Nf3 b6 4.g3 Bb7 5.Bg2 Bb4+ 6.Bd2 Be7 7.O-O c6 8.Nc3 d5
9.cxd5 cxd5 10.Ne5 O-O 11.Rc1 Ne4 12.Nxe4 dxe4 13.Qc2 Qd5 14.Bc3 f6 15.Ng4 f5
16.Ne3 Qd8 17.Qb3 Qd7 18.Rfd1 Bd5 19.Nxd5 exd5 20.f3 Kh8 21.fxe4 fxe4 22.Bb4
Bxb4 23.Qxb4 Na6 24.Qa3 Nc7 25.Rf1 Rxf1+ 26.Rxf1 Kg8 27.e3 Qe6 28.h4 Nb5
29.Qb3 Nd6 30.Bh3 {#r} 1-0

[Event "It (open)"]
[Site "masterchessopen.com Portoroz (Slovenia)"]
[Round "0"]
[White "Savchenko Stanislav (UKR)"]
[Black "Hulak Krunoslav (CRO)"]
[Result "1-0"]
[WhiteElo "2580"]
[BlackElo "2545"]

1.d4 Nf6 2.c4 e6 3.Nf3 b6 4.g3 Bb7 5.Bg2 Bb4+ 6.Bd2 Be7 7.Nc3 c6 8.e4 d5
9.cxd5 cxd5 10.e5 Ne4 11.O-O O-O 12.Re1 Nxd2 13.Qxd2 Nc6 14.Bf1 Rc8 15.Rac1
Na5 16.Bd3 Nc4 17.Qe2 Bb4 18.h4 g6 19.h5 f5 20.hxg6 hxg6 21.Kg2 Rf7 22.Rh1 Bf8
23.Nb5 a6 24.Nd6 Nxd6 25.exd6 Rxc1 26.Rxc1 Qxd6 27.Bxa6 Bxa6 28.Qxa6 g5 29.Qc8
Qe7 30.Ne5 Rf6 31.Rc7 Qb4 {#r} 1-0

[Event "It (open)"]
[Site "masterchessopen.com Seefeld (Austria)"]
[Round "0"]
[White "Burmakin Vladimir (RUS)"]
[Black "Gottschlich Carsten (GER)"]
[Result "1-0"]
[WhiteElo "2505"]
[BlackElo "2195"]

1.d4 Nf6 2.Nf3 e6 3.c4 b6 4.g3 Bb7 5.Bg2 Bb4+ 6.Nbd2 d6 7.O-O Bxd2 8.Bxd2 Nbd7
9.b4 Ne4 10.Be3 Rb8 11.Qc2 c5 12.bxc5 dxc5 13.Rfd1 Qc8 14.d5 exd5 15.cxd5 Nef6
16.Bf4 Ra8 17.Bd6 b5 {#r} 1-0

[Event "Ch Germany (juniors) (under 20)"]
[Site "masterchessopen.com Apolda (Germany)"]
[Round "6"]
[White "Bunzmann Dimitrij (GER)"]
[Black "Gottschlich Carsten (GER)"]
[Result "1-0"]
[WhiteElo "2370"]
[BlackElo "2270"]

1.d4 Nf6 2.Nf3 e6 3.g3 b6 4.Bg2 Bb7 5.c4 Bb4+ 6.Bd2 Be7 7.Nc3 O-O 8.O-O Na6
9.Re1 d5 10.cxd5 exd5 11.Rc1 c5 12.Bf4 cxd4 13.Nxd4 Nc5 14.Nf5 Qd7 15.Nxe7+
Qxe7 16.e4 dxe4 17.Bd6 Qe6 18.Bxf8 Rxf8 19.b4 Ncd7 20.Qd4 Re8 21.Nb5 {#r} 1-0

[Event "Ch Germany (juniors) (under 20)"]
[Site "masterchessopen.com Apolda (Germany)"]
[Round "3"]
[White "Fuhrmann Daniel (GER)"]
[Black "Gottschlich Carsten (GER)"]
[Result "1-0"]
[WhiteElo "2295"]
[BlackElo "2270"]

1.d4 Nf6 2.c4 e6 3.Nf3 b6 4.g3 Bb7 5.Bg2 Bb4+ 6.Bd2 Be7 7.Nc3 O-O 8.Qc2 c5
9.d5 exd5 10.Ng5 g6 11.h4 Nc6 12.Nxd5 Nd4 13.Qd3 Nxd5 14.cxd5 Qc8 15.e3 Nf5
16.Bc3 Ba6 17.Qd1 Re8 18.Nxh7 Kxh7 19.h5 Nh6 20.hxg6+ fxg6 21.Be4 Bf8 22.Bxg6+
Kg8 23.Bh7+ {#r} 1-0

[Event "Ch France (team) 1996/97"]
[Site "masterchessopen.com France"]
[Round "1"]
[White "Komarov Dimitri (UKR)"]
[Black "Mancini Mario (FRA)"]
[Result "1-0"]
[WhiteElo "2600"]
[BlackElo "2290"]

1.d4 Nf6 2.Nf3 e6 3.c4 b6 4.g3 Bb7 5.Bg2 Bb4+ 6.Bd2 Be7 7.Nc3 O-O 8.Qc2 d5
9.cxd5 exd5 10.O-O Nbd7 11.Rac1 c5 12.Rfd1 Re8 13.Bf4 a6 14.dxc5 bxc5 15.Ne5
Nb6 16.a4 Ra7 17.a5 Na8 18.Qb3 Bd6 19.Nxf7 Kxf7 20.Nxd5 Bxd5 21.Bxd5+ Nxd5
22.Rxd5 Qb8 23.Rf5+ Kg6 24.Qd3 c4 25.Rxc4 {#r} 1-0

[Event "Oberliga NRW 1997/98"]
[Site "masterchessopen.com Germany"]
[Round "3"]
[White "Stolte Alexander (GER)"]
[Black "Kasnitz Martin (GER)"]
[Result "0-1"]
[WhiteElo "2200"]
[BlackElo "2232"]

1.d4 Nf6 2.Nf3 b6 3.g3 Bb7 4.c4 e6 5.Bg2 Bb4+ 6.Nbd2 O-O 7.O-O Bxd2 8.Bxd2 d6
9.Bc3 Ne4 10.Qc2 Nxc3 11.Qxc3 Nd7 12.Rad1 Qe7 13.d5 e5 14.e4 Nc5 15.Nh4 a5
16.Nf5 Qe8 17.f4 f6 18.fxe5 fxe5 19.Qe3 Bc8 20.Rd2 Bxf5 21.exf5 Qh5 22.Rdf2
Rf6 23.h4 Qg4 24.b3 Raf8 25.Kh2 h5 26.Bh3 Qd4 27.Qg5 Ne4 {#R} 0-1

[Event "It (open)"]
[Site "masterchessopen.com Oberwart (Austria)"]
[Round "8"]
[White "Wohlfahrt Herbert J (AUT)"]
[Black "Zsinka Laszlo (HUN)"]
[Result "0-1"]
[WhiteElo "2260"]
[BlackElo "2355"]

1.d4 Nf6 2.Nf3 e6 3.g3 b6 4.Bg2 Bb7 5.c4 Bb4+ 6.Bd2 Be7 7.O-O O-O 8.Nc3 d5
9.cxd5 exd5 10.Rc1 Na6 11.Be3 c5 12.Ne5 Qd6 13.Bf4 Qe6 14.Qa4 Rfd8 15.Rfe1 Ne4
16.Rcd1 cxd4 17.Nb5 Bb4 18.Nxd4 Qe8 19.Nec6 Bxe1 20.Rxe1 Rac8 21.Bh3 Rxc6
22.Nxc6 Qxc6 {#R} 0-1

[Event "Memorial M.Chigorin"]
[Site "masterchessopen.com St. Petersburg (Russia)"]
[Round "8"]
[White "Eingorn Vereslav S (UKR)"]
[Black "Orlov Vassily (RUS)"]
[Result "1-0"]
[WhiteElo "2590"]
[BlackElo "2425"]

1.Nf3 Nf6 2.c4 e6 3.g3 b6 4.Bg2 Bb7 5.d4 Bb4+ 6.Bd2 Be7 7.Nc3 c6 8.O-O O-O
9.Rc1 d5 10.Bf4 Nbd7 11.cxd5 cxd5 12.Nb5 Ne8 13.Qd3 a6 14.Nc7 Ra7 15.Nxe8 Rxe8
16.Rc2 Qa8 17.Rfc1 Bd8 18.Bd6 a5 19.Ne5 Ba6 20.Qe3 Nxe5 21.dxe5 Rd7 22.Qd4 f5
23.e3 Qb7 24.Rc6 Kf7 25.h3 g6 26.Bf3 Qa7 27.g4 fxg4 28.hxg4 Bb7 29.R6c2 Kg7
30.Qa4 Ba6 31.Rc7 {#r} 1-0

[Event "Ch Switzerland (team) 1996/97"]
[Site "masterchessopen.com Switzerland"]
[Round "0"]
[White "Almada Enrique (SUI)"]
[Black "Hort Vlastimil (GER)"]
[Result "0-1"]
[WhiteElo "2305"]
[BlackElo "2510"]

1.d4 Nf6 2.Nf3 e6 3.c4 b6 4.g3 Bb7 5.Bg2 Bb4+ 6.Bd2 a5 7.O-O O-O 8.Nc3 d6
9.Qc2 Nbd7 10.Rad1 Qb8 11.Rfe1 Bxc3 12.Bxc3 Ne4 13.d5 Nxc3 14.Qxc3 e5 15.b3
Qd8 16.e4 Qe7 17.Bh3 Bc8 18.a3 Nc5 19.Bxc8 Rfxc8 20.b4 Nd7 21.Nd2 Qg5 22.Nb3
axb4 23.axb4 f5 24.exf5 Qxf5 25.Ra1 Rf8 26.Qe3 Nf6 27.f3 Rxa1 28.Rxa1 b5
29.Rd1 bxc4 30.Na5 Qc2 {#R} 0-1

[Event "It (open)"]
[Site "masterchessopen.com Cairo (Egypt)"]
[Round "5"]
[White "Abdel Razik Khaled (EGY)"]
[Black "Hegazy Mohamed (EGY)"]
[Result "1-0"]
[WhiteElo "2200"]
[BlackElo "2261"]

1.d4 Nf6 2.c4 e6 3.Nf3 b6 4.g3 Bb7 5.Bg2 Bb4+ 6.Nbd2 O-O 7.O-O d5 8.Qc2 Bxd2
9.Bxd2 Ne4 10.Bb4 Re8 11.Rfd1 a5 12.Be1 c6 13.Rac1 Na6 14.Ne5 f6 15.cxd5 exd5
16.Bxe4 dxe4 17.Qb3+ Qd5 18.Qxb6 fxe5 19.Qxb7 exd4 20.Qxc6 Qxa2 21.Ra1 Qxb2
22.Rxa5 Qxe2 23.Rda1 e3 24.Rxa6 exf2+ 25.Bxf2 Rf8 26.Rxa8 {#r} 1-0

[Event "It (open)"]
[Site "masterchessopen.com Corsico (Italy)"]
[Round "1"]
[White "Barberi Alessandro (ITA)"]
[Black "Mascheroni Maurizio (ITA)"]
[Result "1-0"]
[WhiteElo "2062"]
[BlackElo "2052"]

1.d4 Nf6 2.c4 e6 3.Nf3 b6 4.g3 Bb7 5.Bg2 Bb4+ 6.Nbd2 O-O 7.a3 Be7 8.O-O d6
9.b4 c5 10.e3 Nbd7 11.Bb2 Qc7 12.Qe2 Ne4 13.Nxe4 Bxe4 14.Rfd1 Nf6 15.Rac1 Rac8
16.Ne1 Bxg2 17.Nxg2 e5 18.d5 Qd7 19.e4 h6 20.f4 exf4 21.gxf4 Rfe8 22.bxc5 bxc5
23.e5 Nh7 24.Rd3 Rb8 25.Rg3 f6 26.e6 Qb7 27.Bc3 Qa6 28.Qh5 Qxc4 29.Qf7+ {#r}
1-0

[Event "Ch Portugal (team)"]
[Site "masterchessopen.com Lisbon (Portugal)"]
[Round "4"]
[White "Damaso Rui (POR)"]
[Black "Carvalho Alda (POR)"]
[Result "1-0"]
[WhiteElo "2430"]
[BlackElo "2110"]

1.c4 e6 2.Nf3 Nf6 3.d4 b6 4.g3 Bb7 5.Bg2 Bb4+ 6.Bd2 Bxd2+ 7.Qxd2 O-O 8.O-O c5
9.Nc3 d6 10.d5 e5 11.Nh4 Ne8 12.e4 Bc8 13.a3 Na6 14.Nf3 f5 15.exf5 Bxf5 16.Ng5
Nf6 17.f4 exf4 18.Rxf4 Bc8 19.Raf1 Nc7 20.Nce4 Nce8 21.Qd3 h6 22.Nxf6+ Rxf6
23.Qh7+ {#r} 1-0

[Event "It"]
[Site "masterchessopen.com Montecatini Terme (Italy)"]
[Round "1"]
[White "Naumkin Igor (RUS)"]
[Black "Vezzosi Paolo (ITA)"]
[Result "1-0"]
[WhiteElo "2475"]
[BlackElo "2325"]

1.d4 Nf6 2.Nf3 e6 3.c4 b6 4.g3 Bb7 5.Bg2 Bb4+ 6.Bd2 Bxd2+ 7.Qxd2 O-O 8.O-O d6
9.Qc2 Nbd7 10.Nc3 Rc8 11.e4 c5 12.d5 exd5 13.cxd5 Ba6 14.Rfe1 Qc7 15.a4 Rcd8
16.Nb5 Qb8 17.Nd2 Bc8 18.Nc4 Ne8 19.f4 a6 20.Nc3 f6 21.Bh3 g6 22.Be6+ Kh8
23.g4 Ng7 24.Re3 Rde8 25.f5 Re7 26.Rh3 Ne5 27.Nxe5 fxe5 28.Rf1 gxf5 29.exf5
Ne8 30.g5 Rg7 31.Rg3 Bxe6 32.dxe6 {#r} 1-0

[Event "It (open)"]
[Site "masterchessopen.com Villa Ballester (Argentina)"]
[Round "4"]
[White "Fulgenzi Ernesto (ARG)"]
[Black "Ortega Morales Javier (ARG)"]
[Result "1-0"]
[WhiteElo "2280"]
[BlackElo "1927"]

1.d4 Nf6 2.Nf3 e6 3.c4 b6 4.g3 Bb7 5.Bg2 Bb4+ 6.Nbd2 Ne4 7.O-O f5 8.Nxe4 Bxe4
9.c5 bxc5 10.a3 Ba5 11.Bg5 Qc8 12.dxc5 c6 13.Ne5 Bxg2 14.Nc4 O-O 15.Nd6 Qa6
16.Kxg2 Bc7 17.Be7 Bxd6 18.Bxd6 Rf7 19.b4 Qc4 20.f3 Na6 21.Rc1 Qb5 22.Qd2 Rc8
23.e4 Nc7 24.g4 Ne8 25.Be5 Qb7 26.gxf5 exf5 27.Kh1 Rd8 28.Rg1 fxe4 29.Qg5 Qc8
30.fxe4 d6 31.cxd6 Nxd6 32.Bxg7 {#r} 1-0

[Event "Bundesliga (2nd) West 1999/00"]
[Site "masterchessopen.com Germany"]
[Round "1"]
[White "Siebrecht Sebastian (GER)"]
[Black "Baumegger Siegfried (AUT)"]
[Result "1-0"]
[WhiteElo "2379"]
[BlackElo "2409"]

1.d4 e6 2.Nf3 Nf6 3.g3 b6 4.Bg2 Bb7 5.c4 Bb4+ 6.Nbd2 O-O 7.O-O d5 8.Ne5 Na6
9.Ndf3 Be7 10.b3 c5 11.Bb2 Rc8 12.Bh3 dxc4 13.Nxc4 Nb4 14.a3 Nbd5 15.Nce5 Ba6
16.Ng5 Ne8 17.Ngxf7 {#r} 1-0

[Event "Ch Russia (1/2 final)"]
[Site "masterchessopen.com Novosibirsk (Russia)"]
[Round "3"]
[White "Karpov Igor (RUS)"]
[Black "Garagulya Konstantin (RUS)"]
[Result "0-1"]
[WhiteElo "2289"]
[BlackElo "2318"]

1.d4 Nf6 2.c4 e6 3.Nf3 b6 4.g3 Bb7 5.Bg2 Bb4+ 6.Bd2 Be7 7.Nc3 O-O 8.Qc2 c5
9.d5 exd5 10.Ng5 Nc6 11.Nxd5 g6 12.h4 Nxd5 13.cxd5 Nd4 14.Qa4 Re8 15.Be3 Nf5
16.Bc1 Qc7 17.Kf1 Bxg5 18.hxg5 Qe5 19.Qc4 a5 20.Bf3 Nd4 21.Bf4 Qf5 22.Kg2 Rxe2
23.Bxe2 Bxd5+ 24.Kf1 Bxc4 25.Bxc4 d5 26.Be2 Qe4 {#R} 0-1

[Event "Memorial P.Keres (open)"]
[Site "masterchessopen.com Utrecht (Netherlands)"]
[Round "3"]
[White "Bollaart Jeroen (NED)"]
[Black "Luijendijk Herman"]
[Result "1-0"]
[WhiteElo "1887"]
[BlackElo "1953"]

1.d4 e6 2.c4 Nf6 3.Nf3 b6 4.g3 Bb7 5.Bg2 Bb4+ 6.Bd2 a5 7.O-O O-O 8.Bf4 Qc8
9.c5 a4 10.a3 Ba5 11.Qxa4 bxc5 12.dxc5 Bb6 13.Qc2 Ba7 14.b4 Nc6 15.Nc3 Ne7
16.Rfd1 h6 17.e4 g5 18.Nxg5 hxg5 19.Bxg5 Kg7 20.e5 Nfd5 21.Nxd5 Nxd5 22.Bxd5
{#r} 1-0